Catálogo

EL PRESUPUESTO EN EL CONTROL DE LAS EMPRESAS INDUSTRIALES (Registro nro. 23239)

Detalles MARC
000 -LEADER
fixed length control field 00621nam a2200205 a 4500
001 - CONTROL NUMBER
control field 23239
005 - DATE AND TIME OF LATEST TRANSACTION
control field 20180713221258.0
008 - FIXED-LENGTH DATA ELEMENTS--GENERAL INFORMATION
fixed length control field 140415s1955 000 0 spa d
041 ## - LANGUAGE CODE
Language code of text/sound track or separate title spa
082 ## - DEWEY DECIMAL CLASSIFICATION NUMBER
Classification number 658.155
Item number RAU
100 1# - MAIN ENTRY--PERSONAL NAME
Personal name RAUTENSTRAUCH, W.
245 13 - TITLE STATEMENT
Title EL PRESUPUESTO EN EL CONTROL DE LAS EMPRESAS INDUSTRIALES
260 ## - PUBLICATION, DISTRIBUTION, ETC.
Place of publication, distribution, etc. [s.l.] :
Name of publisher, distributor, etc. FONDO DE CULTURA ECONOMICA,
Date of publication, distribution, etc. 1955
300 ## - PHYSICAL DESCRIPTION
Extent 335
490 ## - SERIES STATEMENT
Series statement SECCION DE OBRAS DE ECONOMIA
650 14 - SUBJECT ADDED ENTRY--TOPICAL TERM
Topical term or geographic name entry element ECONOMIA
General subdivision ECONOMIA INDUSTRIAL
700 1# - ADDED ENTRY--PERSONAL NAME
Personal name BRAVO, MANUEL
Relator term tr.
700 1# - ADDED ENTRY--PERSONAL NAME
Personal name RAUTENSTRAUCH, WALTER
Relator term pról.
700 1# - ADDED ENTRY--PERSONAL NAME
Personal name VILLERS, R.
Relator term coaut.
Existencias
Withdrawn status Lost status Source of classification or shelving scheme Damaged status Not for loan Collection code Home library Current library Shelving location Date acquired Source of acquisition Inventory number Total Checkouts Full call number Barcode Date last seen Price effective from Koha item type
    Dewey Decimal Classification     General Biblioteca Karol Wojtyla Biblioteca Karol Wojtyla Sala general 03/12/2013 Compra 151000000000000000022255   658.155 RAU 44010 05/01/2026 03/12/2013 Libro